• 首页
  • 本馆介绍
  • 公告通知
  • 最新文献
  • 馆藏检索
  • 电子资源
  • 读者导购
  • 参考咨询
  • 我的图书馆
  • 登录
  • 详细信息显示
  • 放入我的书架
  • 预约/预借图书
  • 作者相关作品
  • 分类相关作品
  • 丛书相关作品
  • 出版社相关作品

书目信息

  • 表格格式
  • 工作单格式
  • 卡片格式
题名:
中国图书与图书馆
    
 
作者: 松见弘道 , 黄宗忠 著
分册:  
出版信息: 北京   书目文献出版社  1995.9
页数: 213
开本: 21cm
丛书名:
单 册:
中图分类: G259.29
科图分类:
主题词:
电子资源:
ISBN: 7-5013-1221-4
000 00565nam0 2200193 45
001 0181022524
005 20061026153655.71
010    @a7-5013-1221-4@dCNY9.60
100    @a20810111d km y0chiy0120 ea
101 0  @achi
105    @a z 000yy
200 1  @Azhong guo tu shu yu tu shu guan@F( ri ) song jian hong dao zhu@a中国图书与图书馆@f(日)松见弘道著;黄宗忠等译
210    @a北京@c书目文献出版社@d1995.9
215    @a213@d21cm
690    @aG259.29
701 0  @a松见弘道@4著
701 0  @a黄宗忠@4译
801    @aCN@bTSTC@c20061026
905    @dG259.29@e10@f3@b3
    
    中国图书与图书馆/(日)松见弘道著;黄宗忠等译.-北京:书目文献出版社,1995.9
    213;21cm
    
    
    ISBN 7-5013-1221-4:CNY9.60
    
●
相关链接 在E读中查询图书 在五车中查询图书 在当当中查询图书 在豆瓣中查询图书


正题名:中国图书与图书馆     索取号:G259.29/10         预约/预借

序号 登录号 条形码 馆藏地/架位号 状态 备注
1 0270552   000215154   密集书库/ [索取号:G259.29/10] 在馆    
2 0270553   000215190   密集书库/ [索取号:G259.29/10] 在馆    
3 0270554   000215163   样本库/ [索取号:G259.29/10] 在馆    
欢迎您!
大连网信软件有限公司© 版权所有